00417nam a2200157Ia 4500003000400000008004100004040001600045082001300061100001700074245005400091260004200145300001000187490002500197650001500222650002200237GCL140319s9999 xx 000 0 eng d aGCL / cGCL04a843bV V1 aVERNE, JULES10aVINGT MILLE LIEUES SOUS LES MERS / cVERNE, JULES a[S.N] : bLE LIVRE DE POCHE ، c1990 a616 P aLE LIVRE DE POCHEv004aLITERATURE04aFRENCH LITERATURE